Maailman liput 1938 - Statistics

Yleistilastot
  • Tätä visaa on pelattu 96 kertaa
  • Keskiarvotulos 47 / 75
Vastaustilastot
Kuvavisa Vastaus % Oikein
Afganistan
91%
Albania
90%
Argentiina
84%
Australia
84%
Belgia
84%
Brasilia
82%
Bulgaria
80%
Chile
77%
Tanska
77%
Suomi
76%
Irlanti
74%
Japani
74%
Viro
74%
Islanti
73%
Latvia
73%
Liettua
73%
Meksiko
73%
Ranska
73%
Italia
72%
Kuuba
72%
Luxemburg
72%
Norja
72%
Portugali
72%
Ecuador
71%
Kolumbia
71%
Liechtenstein
71%
Panama
71%
Puola
71%
Ruotsi
71%
San Marino
71%
Siam
71%
Sveitsi
71%
Espanja
70%
Hollanti
70%
Monaco
70%
Peru
70%
Romania
70%
Turkki
70%
Uusi-Seelanti
70%
Vatikaani
70%
Yhdysvallat
70%
Uruguay
68%
Yhdistynyt kuningaskunta
68%
Saudi-Arabia
67%
Venezuela
67%
Honduras
66%
Neuvostoliitto
66%
Liberia
65%
Bolivia
63%
Dominikaaninen tasavalta
63%
Haiti
63%
Nicaragua
63%
Paraguay
63%
Itävalta
62%
Costa Rica
61%
El Salvador
61%
Unkari
61%
Guatemala
60%
Tšekkoslovakia
60%
Kiina
59%
Mongolia
56%
Andorra
45%
Iran
44%
Irak
41%
Kreikka
39%
Nepal
38%
Jugoslavia
33%
Tiibet
30%
Kanada
28%
Egypti
20%
Jemen
20%
Etelä-Afrikka
18%
Gdańsk
12%
Tuva
12%
Hatay
9%
Ehtoja vastaavia visoja ei löytynyt
Tulosjakauma
Jokaisen tuloksen saaneiden osuus
Persentiili vastausten määrän mukaan
Tuloshistoriasi
Et ole pelannut tätä visaa